L'Empire sous Hadrien - Carte Quiz n°2 - Statistiques

Statistiques générales
  • Ce quiz a été pris 60 fois
  • Le résultat moyen est 20 sur 44
Réponses sur la Carte
Les réponses sont colorées sur une échelle allant du rouge au vert en fonction du pourcentage des utilisateurs qui les ont devinées à leur premier essai. Vous pouvez retrouver ces pourcentages ci-dessous.
 
Statistiques - réponses
Réponse % Correct
Rome
88%
Egypte
85%
Bretagne
82%
Sardaigne
79%
Sicile
76%
Corse
73%
Belgique
70%
Aquitaine
67%
Chypre
67%
Narbonnaise
61%
Syrie
61%
Asie
58%
Macédoine
58%
Thrace
58%
Germanie inférieur
55%
Germanie supérieur
55%
Afrique
48%
Arabie
48%
Lyonnaise
48%
Dacie
45%
Dalmatie
45%
Alpes Maritimes
42%
Betique
42%
Epire
42%
Lusitanie
39%
Tarraconaise
39%
Syrie Palestine
36%
Alpes Cottiennes
33%
Mésie inférieur
33%
Mésie supérieur
33%
Norique
33%
Numidie
33%
Pannonie inférieur
33%
Pannonie supérieur
33%
Cyrenaique
30%
Rhétie
30%
Galatie
27%
Maurétanie Césarienne
27%
Alpes Pennines
24%
Bithynie et Pont
24%
Maurétanie Tingitane
24%
Cappadoces
21%
Cilicie
21%
Lycie Pamphylie
9%
Aucun quiz correspondant
Distribution des résultats
% des personnes avec chaque résultat
Percentile par nombre de réponses
Votre historique - résultats
Vous n’avez pas pris ce quiz